| 000 | 00698nam a2200217Ii 4500 | ||
|---|---|---|---|
| 003 | JO-AjNU | ||
| 008 | 230605s9999||||xx |||||||||||||| ||und|| | ||
| 017 | _a2010/5/1445 | ||
| 040 |
_aJO-AjNU _bara _erda _cJO-AjNU |
||
| 041 | _aara | ||
| 050 | 1 | 4 | _aPJ7802.B47.Z542 2011 |
| 100 | 3 |
_aتأليف بكار، يوسف, _eauthor _945372 |
|
| 245 | 0 | 0 | _aإحسان عباس: أعمال وندوات وحوارات |
| 250 | _aط1 | ||
| 264 | 3 | 1 | _aعمان:دار جليس الزمان،2010 |
| 300 | _a264ص | ||
| 336 |
_atext _btxt _2rdacontent |
||
| 337 |
_aunmediated _bn _2rdamedia |
||
| 338 |
_avolume _bnc _2rdacarrier |
||
| 650 | 4 |
_aالأدب العربي - الأدباء العرب _945373 |
|
| 999 |
_aA19662 _c23230 _d23230 |
||